El espíritu de la liturgia y el talante simbólico de la liturgia
Uloženo v:
| Hlavní autor: | |
|---|---|
| Médium: | Kniha |
| Jazyk: | španělština |
| Vydáno: |
Buenos Aires
Agape Libros
2005
|
| Vydání: | 1a. ed |
| Edice: | Megále, 1
|
| Témata: | |
| Tagy: |
Přidat tag
Žádné tagy, Buďte první, kdo vytvoří štítek k tomuto záznamu!
|
MARC
| LEADER | 00000cam a2200000 a 4500 | ||
|---|---|---|---|
| 001 | UCD5510 | ||
| 003 | CL-VaPUC | ||
| 008 | 160915e20050000ag |||||||||||||||||spa|d | ||
| 020 | |a 9871204159 | ||
| 082 | 0 | 4 | |a 264.13 |b GUA |2 21 |
| 100 | 0 | |a Guardini, Romano |e author |9 341352 | |
| 245 | 1 | 3 | |a El espíritu de la liturgia y el talante simbólico de la liturgia |
| 250 | |a 1a. ed | ||
| 300 | |a 213 p | ||
| 942 | |c BK | ||
| 945 | |d 20160915 16:42:00 |a dcastane | ||
| 260 | |a Buenos Aires |b Agape Libros |c 2005 | ||
| 650 | 7 | |a LITURGIA |2 CL-VaPUC |9 589268 | |
| 650 | 0 | |a Liturgia católica |9 516111 | |
| 583 | |a last modification |c 20160915 16:42:00 |k Rodrigo Vera | ||
| 490 | 0 | |a Megále, 1 | |
| 999 | |c 366164 |d 366162 | ||
| 952 | |0 0 |1 0 |3 erb |4 0 |6 264_130000000000000_GUA_2005 |7 0 |8 A |9 480215 |a BIBTEO |b BIBTEO |i 5341116 |o 264.13 GUA 2005 |p 5341116 |r 2025-01-17 |w 2019-11-24 |y BK |z Catalogado en:20160915 |k ICR | ||